000 00602nam a2200181Ia 4500
008 151018s9999 xx 000 0 und d
082 _bRBASDV29416
_a891.463
100 _aचारुशीला भिडे
245 _aमन शुध्द तुझ
250 _b1
260 _bकल्पना प्रकाशन नांदेड
_c1995
300 _a223
600 _aचारुशीला भिडे
630 _aमन शुध्द तुझ
700 _aचारुशीला भिडे
730 _aमन शुध्द तुझ
942 _cBOOK
999 _c1028962
_d1028959